000
00271nam a2200109Ia 4500
008
220204s9999 xx 000 0 und d
082
_a
801
_b
GIL
100
_a
Gilmartin, J G
245
0
_a
Building your vocabulary
260
_a
Bombay
_b
D B Taraporevala
_c
1978
942
_c
BK
999
_c
33086
_d
33086